000 00332nam a22001217a 4500
003 SGT
082 _a080
_bI98S
100 _aसिन्हा, संतोष
245 _aइंद्रधनुष के सात रंग
260 _bअनुभूति प्रकाशन
_c1998
300 _a84
942 _2ddc
_cBK
999 _c31556
_d31556